Biggest Cities in Florida - Statistics

General Stats
  • This quiz has been taken 32 times
  • The average score is 7 of 10
Answer Stats
Population City % Correct
384,959 Tampa
100%
442,241 Miami
97%
949,611 Jacksonville
90%
307,573 Orlando
90%
196,169 Tallahassee
79%
258,308 Saint Petersburg
72%
182,760 Fort Lauderdale
66%
223,109 Hialeah
45%
204,851 Port Saint Lucie
31%
194,016 Cape Coral
24%
No matching quizzes found
Score Distribution
Percent of People with Each Score
Percentile by Number Answered
Your Score History
You have not taken this quiz